| 000 | 00949nam a2200301 i 4500 | ||
|---|---|---|---|
| 001 | 000041224 | ||
| 003 | DO-SdBNP | ||
| 005 | 20250626100714.0 | ||
| 007 | ta | ||
| 008 | 130926s1985 dr 000 0 spa d | ||
| 040 |
_aDO-SdBNP _bspa _cBNPHU _erda |
||
| 041 | _hspa | ||
| 082 | 4 |
_a320.97293 _bM296c, 1985 _222 |
|
| 100 | 1 |
_aMañón, Melvin _eautor _910427 |
|
| 245 | 1 | 0 |
_aCambio de mandos / _cMelvin Mañon. |
| 250 | _aSegunda edición | ||
| 264 | 1 |
_aSanto Domingo : _bTaller, _c1985. |
|
| 300 |
_a222 páginas ; _c20 cm. |
||
| 336 |
_2rdacontent _atexto _btxt |
||
| 337 |
_2rdamedia _asin mediación _bnc |
||
| 338 |
_2rdacarrier _avolumen _bn |
||
| 500 | _aIncluye datos biográficos del autor en las solapas | ||
| 590 | _aInventariado, 2018/LP | ||
| 610 | 2 | 0 |
_aPartido Revolucionario Dominicano _95214 |
| 651 | 4 |
_aRepública Dominicana _xPolítica y gobierno _y1961- _9204 |
|
| 910 | _aValidado. Control de calidad MFF | ||
| 942 |
_2ddc _cLBS1 |
||
| 999 |
_c40714 _d40714 |
||